[Event "Mechanics' Spring TNM; G/2"]
[Site "San Francisco"]
[Date "2015.04.14"]
[Round "5.31"]
[White "Anderson, Michael Gene"]
[Black "Manivannan, Sanjayan"]
[Result "0-1"]
[WhiteElo "1900"]
[BlackElo "1554"]
[PlyCount "68"]
[EventDate "2015.??.??"]

1. e4 c5 2. d4 cxd4 3. c3 dxc3 4. Nxc3 Nc6 5. Nf3 d6 6. Bc4 Nf6 7. e5 dxe5 8.
Qxd8+ Nxd8 9. Nb5 Rb8 10. Nxe5 e6 11. Nc7+ Ke7 12. Be3 b6 13. Rd1 Nd7 14. Bf4
Nxe5 15. Bxe5 f6 16. Bg3 e5 17. O-O Ne6 18. Nd5+ Ke8 19. f4 Bc5+ 20. Kh1 b5 21.
Bd3 Bb7 22. Bxb5+ Kf7 23. Bc4 Bxd5 24. Bxd5 exf4 25. Rxf4 Rxb2 26. Re4 Re8 27.
Rde1 Rb6 28. Rc4 Bd6 29. Bf2 Ra6 30. a4 Be5 31. Rb1 Rd6 32. Rc7+ Kg6 33. Bxe6
Rdxe6 34. g3 Bxc7 0-1

[Event "Mechanics' Spring TNM; G/2"]
[Site "San Francisco"]
[Date "2015.04.07"]
[Round "4.21"]
[White "Andries, Craig"]
[Black "Allen, Tom"]
[Result "1-0"]
[WhiteElo "1935"]
[BlackElo "1565"]
[PlyCount "47"]
[EventDate "2015.??.??"]

1. e4 e5 2. d3 Nf6 3. Nf3 Nc6 4. c4 Bc5 5. h3 d6 6. Nc3 h6 7. a3 a5 8. g3 O-O
9. Bg2 Ne7 10. O-O c6 11. Kh2 Be6 12. b3 Nh7 13. d4 exd4 14. Nxd4 Bd7 15. f4
Bxd4 16. Qxd4 Qc7 17. Rd1 Nc8 18. Bb2 c5 19. Nd5 cxd4 20. Nxc7 Rb8 21. Bxd4 Nf6
22. e5 Ne8 23. exd6 Nexd6 24. c5 1-0

[Event "Mechanics' Spring TNM; G/2"]
[Site "San Francisco"]
[Date "2015.04.28"]
[Round "7.5"]
[White "Andries, Craig"]
[Black "Askin, David"]
[Result "0-1"]
[WhiteElo "1935"]
[BlackElo "1959"]
[Annotator "Winslow,Elliott"]
[PlyCount "94"]
[EventDate "2015.??.??"]

1. Nf3 d5 2. g3 Nf6 3. Bg2 Bf5 4. d3 e6 5. O-O h6 6. c4 c6 7. cxd5 cxd5 8. Nc3
Be7 9. Bf4 O-O 10. Qb3 Qc8 11. Rac1 Nc6 12. Ne5 Nd7 13. Nxd7 Qxd7 14. Qa4 e5
15. Bd2 Be6 16. a3 a6 17. b4 b5 18. Qd1 Rac8 19. f4 f6 20. f5 Bf7 21. e3 Rfd8
22. Ne2 Bf8 23. g4 Ne7 24. Kh1 Rxc1 25. Qxc1 Rc8 26. Qb2 Rc7 27. Rc1 Nc8 28.
Rc2 Bd6 29. Qc1 Nb6 30. Rxc7 Bxc7 31. h4 e4 32. Qc2 exd3 33. Qxd3 Nc4 34. Bc1
Bb6 35. Nf4 Ne5 36. Qd1 d4 37. exd4 Bxd4 38. h5 Qc7 39. Ne6 Bxe6 40. fxe6 Nxg4
41. Qxg4 Qxc1+ 42. Kh2 Qg1+ 43. Kh3 Be5 44. Qf3 Qh2+ 45. Kg4 g6 46. Qa8+ $2 (
46. hxg6 $11 {or so}) 46... Kg7 47. Qb7+ Bc7 0-1

[Event "Mechanics' Fall TNM; G/2"]
[Site "San Francisco"]
[Date "2015.12.08"]
[Round "8.18"]
[White "Andries, Craig"]
[Black "Bertot, German"]
[Result "1-0"]
[WhiteElo "1863"]
[BlackElo "1601"]
[PlyCount "58"]
[EventDate "2015.??.??"]

1. d4 d5 2. f4 Nf6 3. Nf3 Nbd7 4. e3 e6 5. Bd3 c5 6. c3 Be7 7. Nbd2 b6 8. O-O
Bb7 9. Ne5 O-O 10. Rf3 Ne4 11. Rh3 Ndf6 12. g4 g6 13. Qf3 Kg7 14. g5 Nxd2 $2
15. gxf6+ Bxf6 16. Bxd2 c4 17. Bf1 b5 18. a4 Qe8 19. Be1 Bd8 20. Qg3 bxa4 21.
Qg2 Rb8 22. Qc2 f6 23. Nf3 Bc6 24. Nd2 e5 25. Bf2 Bd7 26. Rg3 exf4 27. exf4 Bc7
28. Re3 Qf7 29. Rae1 Rbe8 {Black lost on time.} 1-0

[Event "Mechanics' Winter TNM; 30/90, SD/30"]
[Site "San Francisco"]
[Date "2015.01.06"]
[Round "1.21"]
[White "Andries, Craig"]
[Black "Brown, Nicholas"]
[Result "1-0"]
[WhiteElo "1935"]
[BlackElo "1502"]
[PlyCount "71"]
[EventDate "2015.??.??"]

1. e4 c6 2. d3 d5 3. Nd2 e5 4. Ngf3 Bd6 5. g3 Nf6 6. Bg2 Bg4 7. O-O O-O 8. h3
Bh5 9. c3 Bg6 10. Nh4 Nbd7 11. Nxg6 fxg6 12. Kh2 Nc5 13. Qc2 Qb6 14. b4 Ne6 15.
Nb3 a6 16. a4 Rac8 17. a5 Qc7 18. Bd2 Rf7 19. Qa2 Rcf8 20. Be3 dxe4 21. dxe4 h6
22. Nd2 Ng5 23. Rad1 Ne8 24. h4 Nh7 25. Bh3 Kh8 26. Nc4 Rf6 27. Rd2 Qf7 28.
Nxd6 Qxa2 29. Rxa2 Nxd6 30. Bc5 Rd8 31. Rd2 Nf7 32. Rxd8+ Nxd8 33. Be7 Nf7 34.
Bxf6 gxf6 35. Rd1 Nf8 36. Bc8 1-0

[Event "Mechanics' Winter TNM; 30/90, SD/30"]
[Site "San Francisco"]
[Date "2015.01.20"]
[Round "3.16"]
[White "Andries, Craig"]
[Black "Eytan, David"]
[Result "1-0"]
[WhiteElo "1935"]
[BlackElo "1599"]
[PlyCount "127"]
[EventDate "2015.??.??"]

1. e4 c5 2. Nf3 Nc6 3. d3 d6 4. g3 g6 5. c3 Bg7 6. Bg2 Nf6 7. h3 Bd7 8. Be3 b5
9. Qd2 Rb8 10. Bh6 O-O 11. Bxg7 Kxg7 12. O-O b4 13. c4 Qc8 14. Kh2 h5 15. b3 e5
16. Ng1 Rh8 17. f3 Nd4 18. Ne2 h4 19. g4 Ne6 20. Qe3 Nh7 21. Nd2 g5 22. a3 a5
23. a4 Nhf8 24. Rfd1 Ng6 25. Nf1 Ngf4 26. Qf2 f6 27. Ne3 Nd4 28. Nxd4 cxd4 29.
Nc2 Be6 30. Bf1 Rb7 31. Ne1 Rc7 32. Ng2 Nh5 33. gxh5 Bxh3 34. Be2 Rxh5 35. Rg1
Be6 36. Ne1 Kh8 37. Nc2 Rg7 38. Rg2 Bh3 39. Rg4 Bxg4 40. fxg4 Rh6 41. Kh3 Rd7
42. Qf5 Qc7 43. Ne1 Kg7 44. Nf3 Rf7 45. Rf1 Rg6 46. Nd2 Re7 47. Qf2 Rd7 48. Bf3
Rf7 49. Rc1 Qc8 50. Be2 Rh6 51. Qf5 Rh8 52. Bf3 Qc7 53. Qe6 Re7 54. Qd5 Rc8 55.
c5 dxc5 56. Qc4 Qa7 57. Qc2 Rec7 58. Nc4 Qa6 59. Qf2 Rc6 60. Be2 Qa7 61. Qf5
R8c7 62. Rf1 Rf7 63. Bd1 Qc7 64. Rf2 {White later won in a long struggle.} 1-0

[Event "Mechanics' Leighton Allen TNM; G/2"]
[Site "San Francisco"]
[Date "2015.08.04"]
[Round "1.23"]
[White "Andries, Craig"]
[Black "Frank, Robert H"]
[Result "1-0"]
[WhiteElo "1863"]
[BlackElo "1300"]
[PlyCount "57"]
[EventDate "2015.??.??"]

1. Nf3 d5 2. d3 Nf6 3. Nbd2 Bf5 4. g3 Nbd7 5. Bg2 e5 6. O-O Bc5 7. Nb3 Bb6 8.
e3 Bg4 9. Qe1 O-O 10. h3 Bh5 11. Bd2 c6 12. g4 Bg6 13. Nh4 e4 14. Nxg6 fxg6 15.
d4 Bc7 16. Qe2 h6 17. c4 a5 18. Be1 g5 19. Bc3 Ne8 20. cxd5 cxd5 21. Qb5 Nb8
22. Rfc1 b6 23. Nd2 Qd7 24. Qxd7 Nxd7 25. Bf1 a4 26. Bb5 Rf7 27. Bc6 Ra7 28.
Bxd5 b5 29. Nxe4 1-0

[Event "Mechanics' Spring TNM; G/2"]
[Site "San Francisco"]
[Date "2015.03.24"]
[Round "2.28"]
[White "Andries, Craig"]
[Black "Ho, Steve"]
[Result "1-0"]
[WhiteElo "1935"]
[BlackElo "1636"]
[PlyCount "49"]
[EventDate "2015.??.??"]

1. e4 Nf6 2. d3 e5 3. Nd2 Bc5 4. h3 d5 5. Ngf3 Nc6 6. c3 Be6 7. Be2 h6 8. b4
Bb6 9. b5 dxe4 10. dxe4 Qd6 11. bxc6 Qc5 12. O-O Qxc3 13. cxb7 Rd8 14. Rb1 O-O
15. Bb2 Qa5 16. Qc2 Nd7 17. a4 Qc5 18. Qxc5 Nxc5 19. Ba3 Nxb7 20. Bxf8 Kxf8 21.
Nc4 f6 22. Rfd1 Bd7 23. a5 Nxa5 24. Nxa5 Bxa5 25. Nh4 1-0

[Event "Mechanics' Leighton Allen TNM; G/2"]
[Site "San Francisco"]
[Date "2015.09.01"]
[Round "5.20"]
[White "Andries, Craig"]
[Black "Koga, Micah Kamuel"]
[Result "1-0"]
[WhiteElo "1863"]
[BlackElo "1471"]
[Annotator "Donaldson"]
[PlyCount "59"]
[EventDate "2015.??.??"]

1. Nf3 c6 2. d3 d5 3. Nbd2 Bf5 4. e4 Bg4 5. Be2 Nd7 6. O-O e6 7. h3 Bh5 8. Re1
Bd6 9. exd5 cxd5 10. Nd4 Bg6 11. Bg4 Ne5 12. Bxe6 Ne7 13. Bg4 O-O 14. Bh5 Qb6
15. Bxg6 N5xg6 16. N2f3 Bc5 17. c3 a5 18. Re2 Rfe8 19. Bf4 $4 Nxf4 20. Re1 Qg6
21. g3 Nxh3+ 22. Kf1 Nf5 23. Qa4 Kf8 24. Ne5 Nxg3+ 25. fxg3 {Diagram #} Qxg3 (
25... Rxe5 26. Rxe5 Qxg3 27. Rf5 Re8 {is the easiest win.}) 26. Nd7+ Kg8 27.
Rxe8+ Rxe8 28. Nf6+ gxf6 29. Qxe8+ Kg7 (29... Bf8 30. Qe1 Qh2 {should win.
Black's plan is ...h5, ...Kh7 and ...Bh6 which White appears to be powerless
to stop.} 31. Rd1 $4 (31. a3 h5 32. a4 Kh7 33. b3 (33. Nf5) 33... Bh6) 31...
Qg1+ 32. Ke2 Qg2+ 33. Ke3 Bh6#) 30. Nf5+ 1-0

[Event "Mechanics' Summer TNM; G/2"]
[Site "San Francisco"]
[Date "2015.06.23"]
[Round "5.14"]
[White "Andries, Craig"]
[Black "Melville, Cailen J"]
[Result "1-0"]
[WhiteElo "1913"]
[BlackElo "1783"]
[PlyCount "69"]
[EventDate "2015.??.??"]

1. d4 e6 2. Nd2 c5 3. e3 Nf6 4. c3 b6 5. f4 Bd6 6. Ngf3 O-O 7. Bd3 Bc7 8. O-O
Ba6 9. Bxa6 Nxa6 10. Qe2 Qc8 11. Ne5 cxd4 12. exd4 Bb8 13. g4 d6 14. g5 Nd5 15.
Ng4 Ne7 16. Qg2 Nc7 17. Nf3 Qb7 18. h4 Rc8 19. Bd2 Kf8 20. h5 Ne8 21. Rae1 Ng8
22. Re2 a5 23. Qh3 a4 24. a3 Ra5 25. Nh4 Qd7 26. Ne3 Qb5 27. Rfe1 Qxb2 28. d5
Qxa3 29. dxe6 f5 30. c4 Qc5 31. Bxa5 bxa5 32. Rf1 Ne7 33. Nhxf5 Ba7 34. Nxe7
Kxe7 35. Kh2 1-0

[Event "Mechanics' Summer TNM; G/2"]
[Site "San Francisco"]
[Date "2015.06.09"]
[Round "3.14"]
[White "Andries, Craig"]
[Black "Montoya, Daniel"]
[Result "1-0"]
[WhiteElo "1913"]
[BlackElo "1601"]
[PlyCount "43"]
[EventDate "2015.??.??"]

1. e4 e6 2. d3 d5 3. Nd2 c5 4. Ngf3 Nc6 5. g3 Bd6 6. Bg2 Nge7 7. O-O O-O 8. Re1
Qc7 9. Qe2 f6 10. c3 Bd7 11. Nf1 d4 12. N3d2 b5 13. f4 e5 14. f5 Qa5 15. Nb3
Qa4 16. Nfd2 Be8 17. Bf3 Bf7 18. cxd4 cxd4 19. Qf1 Rac8 20. Bd1 Qa6 21. a3 Nb4
$4 22. axb4 1-0

[Event "Mechanics' Leighton Allen TNM; G/2"]
[Site "San Francisco"]
[Date "2015.09.15"]
[Round "7.5"]
[White "Andries, Craig"]
[Black "Pan, Hongkai"]
[Result "0-1"]
[WhiteElo "1863"]
[BlackElo "2101"]
[Annotator "Donaldson"]
[PlyCount "90"]
[EventDate "2015.??.??"]

1. Nf3 d5 2. d4 c6 3. Nbd2 Bf5 4. e3 e6 5. Bd3 Nd7 6. Qe2 Ngf6 7. O-O Ne4 8.
Ne1 Bd6 9. f4 h5 10. Ndf3 f6 11. Bxe4 Bxe4 12. Nd3 Qe7 13. Nf2 Bh7 14. e4 dxe4
15. Nxe4 Bc7 16. Re1 O-O-O 17. Ng3 Nf8 18. c3 Qf7 19. a4 Re8 20. Qc4 Bg8 21. a5
a6 22. Ne4 Ng6 23. Nc5 Nxf4 {Diagram #} 24. Nxa6 (24. Qb4 $1 Bb8 25. Bxf4 Bxf4
26. Nxe6 Rxe6 27. Rxe6 Qxe6 28. Qf8+ $18) 24... bxa6 25. Qxc6 g5 26. c4 Nd3 27.
Qxa6+ Kd8 28. Rf1 Nxc1 29. Raxc1 Qd7 30. d5 Qd6 31. Qa7 exd5 32. c5 Qd7 33. Qa6
Qe6 34. Qa7 Rh7 35. Kh1 Bf4 36. Qb6+ Qxb6 37. cxb6 Bxc1 38. Rxc1 Rb7 39. Nd4
Kd7 40. Nb5 Rc8 41. Nc7 Rbxc7 42. bxc7 Rxc7 43. Ra1 Kc6 44. Kg1 Kb5 45. b4 Kxb4
0-1

[Event "Mechanics' Leighton Allen TNM; G/2"]
[Site "San Francisco"]
[Date "2015.08.18"]
[Round "3.21"]
[White "Andries, Craig"]
[Black "Paquette, James"]
[Result "1-0"]
[WhiteElo "1863"]
[BlackElo "1471"]
[PlyCount "47"]
[EventDate "2015.??.??"]

1. e4 g6 2. d4 Bg7 3. Nc3 c5 4. dxc5 Qa5 5. Bd2 Qxc5 6. Nd5 e6 7. Bb4 Qc6 {
Diagram #} 8. Bb5 $1 exd5 9. Bxc6 Nxc6 10. Ba3 dxe4 11. Ne2 Nge7 12. O-O O-O
13. c3 Re8 14. Nf4 Nf5 15. Nd5 Re5 16. Re1 Nh4 17. Bd6 Rg5 18. Bg3 Ne5 19. Rxe4
Nxg2 20. Kxg2 f5 21. Rxe5 Bxe5 22. f4 Bxf4 23. Nxf4 b6 24. Qd5+ 1-0

[Event "Mechanics' Fall TNM; G/2"]
[Site "San Francisco"]
[Date "2015.11.24"]
[Round "6.20"]
[White "Andries, Craig"]
[Black "Rakonitz, David"]
[Result "1-0"]
[WhiteElo "1863"]
[BlackElo "1628"]
[PlyCount "57"]
[EventDate "2015.??.??"]

1. g3 Nf6 2. Bg2 d5 3. Nf3 e6 4. c4 Be7 5. O-O O-O 6. b3 c5 7. Bb2 Nc6 8. d3
Qc7 9. Na3 a6 10. Nc2 d4 11. e4 e5 12. h3 Bd7 13. Nd2 Bd6 14. Qe2 Rac8 15. f3
b5 16. Rf2 Na5 17. Raf1 bxc4 18. dxc4 Rb8 19. Ne1 Nc6 20. Nd3 Nb4 21. Nxb4 Rxb4
22. f4 Bc6 23. f5 Qa5 24. a3 Rb7 25. g4 Ba4 26. g5 Nd7 27. Qh5 Bxb3 28. f6 g6
29. Qh6 1-0

[Event "Mechanics' Fall TNM; G/2"]
[Site "San Francisco"]
[Date "2015.11.10"]
[Round "4.21"]
[White "Andries, Craig"]
[Black "Sherwood, Peter"]
[Result "1/2-1/2"]
[WhiteElo "1863"]
[BlackElo "1633"]
[Annotator "Sherwood"]
[PlyCount "104"]
[EventDate "2015.??.??"]

1. e4 e6 2. d3 d5 3. Nd2 Nf6 4. Ngf3 dxe4 5. dxe4 Bc5 6. h3 O-O 7. g3 Bd7 8.
Bg2 Bc6 9. Qe2 Nbd7 10. O-O a6 11. Rd1 Qe7 12. Kh2 Rad8 13. b3 Bb5 14. c4 Bc6
15. a3 a5 16. Bb2 e5 17. Nh4 g6 18. Nb1 Nh5 19. Nc3 {Diagram #} Nf4 $1 20. Qf3
Nxg2 21. Kxg2 f5 (21... Bd4 $142 22. Nd5 Bxd5) 22. Nd5 Bxd5 23. exd5 f4 24. Rf1
Qg5 (24... e4 25. Qc3 Qf6 26. Qxf6 Nxf6 27. Rae1 $11 (27. gxf4 Nh5 28. Be5 Be7
$17)) 25. Rae1 Rde8 26. Qg4 Qxg4 27. hxg4 e4 28. gxf4 Rxf4 29. Bc1 Rf7 (29...
Rxg4+ $2 30. Kh3 h5 31. f3 $18) 30. f3 exf3+ 31. Nxf3 Ref8 $6 32. Bh6 Rd8 33.
Ng5 Rxf1 34. Rxf1 Nf8 35. Ne4 Bxa3 36. Bg5 Rc8 37. Nf6+ Kg7 38. c5 Bxc5 39. Re1
h6 40. Ne4 Bd4 41. Bf4 g5 42. Bd2 b6 43. Ng3 Kg6 44. Nf5 Bf6 45. Rh1 h5 $6 46.
Rxh5 Re8 47. Rh6+ Kf7 48. Kf3 Ng6 49. Rh7+ Kg8 50. Rxc7 Ne5+ 51. Kg3 Nf7 52. d6
Be5+ {draw offer} 1/2-1/2

[Event "Mechanics' Spring TNM; G/2"]
[Site "San Francisco"]
[Date "2015.04.21"]
[Round "6.8"]
[White "Andries, Craig"]
[Black "Smith III, Mahlon"]
[Result "1-0"]
[WhiteElo "1935"]
[BlackElo "2121"]
[PlyCount "55"]
[EventDate "2015.??.??"]

1. e4 c5 2. Nc3 e6 3. g3 b6 4. Bg2 Bb7 5. Nf3 d6 6. O-O Nf6 7. d3 Be7 8. h3
Nbd7 9. Nh2 Qc7 10. a4 a6 11. f4 Bc6 12. g4 O-O-O 13. Bd2 Qb7 14. Qe2 Nf8 15.
Nd1 Ng6 16. Nf3 d5 17. e5 Nd7 18. c3 h6 19. Nf2 Ndf8 20. b4 Qd7 21. bxc5 Bxc5
22. d4 Be7 23. Qxa6+ Qb7 24. Qd3 Nd7 25. Rfb1 Kc7 26. c4 Qa6 27. cxd5 Qxd3 28.
d6+ 1-0

[Event "Mechanics' Summer TNM; G/2"]
[Site "San Francisco"]
[Date "2015.05.26"]
[Round "1.20"]
[White "Andries, Craig"]
[Black "Sorensen, Matthew"]
[Result "1-0"]
[WhiteElo "1913"]
[BlackElo "1497"]
[PlyCount "147"]
[EventDate "2015.??.??"]

1. e4 c5 2. Nf3 d6 3. Bb5+ Bd7 4. Qe2 Nf6 5. O-O g6 6. e5 dxe5 7. Nxe5 Bg7 8.
Re1 e6 9. Bxd7+ Nbxd7 10. Nxf7 Kxf7 11. Qxe6+ Kf8 12. d4 Qb6 13. dxc5 Qxe6 14.
Rxe6 Kf7 15. Rd6 Rhe8 16. Be3 Nxc5 17. Nc3 Nce4 18. Nxe4 Rxe4 19. Rad1 Rae8 20.
h3 b6 21. c3 R8e7 22. Kf1 Ne8 23. Rc6 Nc7 24. Bg5 Ne6 25. Bxe7 Kxe7 26. f3 Re5
27. g3 Rh5 28. f4 Rc5 29. Rcd6 Rc7 30. Kf2 Nc5 31. Kf3 Na4 32. R6d2 h5 33. Re1+
Kf7 34. Re3 Bf6 35. g4 hxg4+ 36. hxg4 g5 37. f5 Nc5 38. Rd5 Rd7 39. Rxd7+ Nxd7
40. Ke4 Ne5 41. Rg3 Nc4 42. b3 Nd2+ 43. Kd5 Nb1 44. c4 Nc3+ 45. Kc6 Nxa2 46.
Kb7 Nb4 47. Kxa7 Bd4 48. Kb7 Bc5 49. Rh3 Kg7 50. Rh5 Be3 51. Kc7 Nd3 52. Rh3
Bf4+ 53. Kxb6 Nf2 54. Rh5 Nxg4 55. c5 Nf6 56. Rh1 Nd5+ 57. Kb5 Kf6 58. Kc6 Ne7+
59. Kd7 Nxf5 60. c6 Nd4 61. b4 Nb5 62. Rd1 g4 63. Rd5 Nc7 64. Rd4 Kf5 65. Rxf4+
Kxf4 66. Kxc7 g3 67. Kb8 g2 68. c7 g1=Q 69. c8=Q Qb6+ 70. Qb7 Qd6+ $2 {
throws away the draw} 71. Ka7 $2 {gives it back} Qd4+ 72. Ka8 Qa1+ 73. Kb8 Qe5+
$4 74. Qc7 {White sees the win this time} 1-0

[Event "Mechanics' Leighton Allen TNM; G/2"]
[Site "San Francisco"]
[Date "2015.09.22"]
[Round "8.12"]
[White "Andries, Craig"]
[Black "Standen, Julian"]
[Result "0-1"]
[WhiteElo "1863"]
[BlackElo "1636"]
[Annotator "Donaldson"]
[PlyCount "82"]
[EventDate "2015.??.??"]

1. Nf3 d5 2. d3 Nf6 3. g3 Bg4 4. Nbd2 Nbd7 5. Bg2 e5 6. e4 dxe4 7. dxe4 Bc5 8.
O-O O-O 9. Qe2 Qe7 10. c3 c6 11. b4 Bb6 12. a4 a5 13. Nc4 axb4 14. cxb4 Bd4 15.
Ra2 Rfd8 16. Bd2 Qe6 17. Ra3 c5 18. b5 b6 19. Rc1 Ra7 20. Qd3 Bxf3 21. Qxf3
Rda8 22. Qd1 Ne8 23. Qc2 Nd6 24. Nxd6 Qxd6 $11 25. Qc4 $4 Bxf2+ 26. Kxf2 Qxd2+
27. Kg1 {Diagram [#]} Rxa4 $1 28. Rxa4 Rxa4 29. Qf1 Qd4+ 30. Kh1 Qd6 31. Rd1
Rd4 32. Ra1 g6 33. Qf3 Kg7 34. h4 Nf6 35. Rf1 Qe6 36. g4 h5 37. gxh5 Nxh5 38.
Bh3 Qe7 39. Kg1 Nf4 40. Qg4 Nxh3+ 41. Qxh3 Rxe4 0-1

[Event "Mechanics' Fall TNM; G/2"]
[Site "San Francisco"]
[Date "2015.10.20"]
[Round "1.5"]
[White "Andries, Craig"]
[Black "Tracy, Joseph J"]
[Result "1/2-1/2"]
[WhiteElo "1863"]
[BlackElo "2196"]
[Annotator "Donaldson"]
[PlyCount "31"]
[EventDate "2015.??.??"]

1. Nf3 Nf6 2. g3 d5 3. d3 c5 4. Nbd2 Nc6 5. Bg2 g6 6. O-O Bg7 7. e4 O-O 8. Qe2
b6 (8... e5) 9. Re1 dxe4 10. Nxe4 Bg4 11. Nxf6+ Bxf6 12. Qe4 Qd7 13. Bh6 Rfd8
14. Ng5 Rac8 15. Qc4 Bxg5 16. Bxg5 1/2-1/2

[Event "Mechanics' Winter TNM; 30/90, SD/30"]
[Site "San Francisco"]
[Date "2015.02.03"]
[Round "5.4"]
[White "Andries, Craig"]
[Black "Whitehead, Paul"]
[Result "0-1"]
[WhiteElo "1935"]
[BlackElo "2365"]
[PlyCount "58"]
[EventDate "2015.??.??"]

1. Nf3 d6 2. e4 Nf6 3. d3 g6 4. g3 Bg7 5. Bg2 O-O 6. O-O e5 7. Nbd2 Nc6 8. h3
Ne8 9. c3 f5 10. a4 Kh8 11. a5 a6 12. Nc4 Be6 13. exf5 gxf5 14. Qe2 Qd7 15. Kh2
Nf6 16. Nh4 d5 17. Nd2 Rae8 18. Nb3 Qd6 19. d4 Ne4 20. Qd1 f4 21. Bxe4 dxe4 22.
dxe5 Qxd1 23. Rxd1 Bxb3 24. Rd7 fxg3+ 25. fxg3 Rf7 26. Rxf7 Bxf7 27. Bf4 Bxe5
28. Re1 Bxf4 29. gxf4 Nxa5 0-1

[Event "Mechanics' Summer TNM; G/2"]
[Site "San Francisco"]
[Date "2015.07.07"]
[Round "7.15"]
[White "Andries, Craig"]
[Black "Yamamoto, Craig"]
[Result "0-1"]
[WhiteElo "1913"]
[BlackElo "1518"]
[Annotator "Donaldson"]
[PlyCount "112"]
[EventDate "2015.??.??"]

1. e4 e5 2. d3 Nc6 3. Nf3 Be7 4. g3 d6 5. Bg2 f5 6. Nc3 Nf6 7. O-O O-O 8. Bg5
fxe4 9. dxe4 Bg4 10. h3 Be6 11. Bxf6 Bxf6 12. Nd5 Ne7 13. Nxf6+ Rxf6 14. Qd3 h6
15. Rad1 Qc8 16. Kh2 a6 17. b3 Nc6 18. c3 a5 19. Rd2 b6 20. Ne1 Qf8 21. Nc2 Qf7
22. Ne3 Ne7 23. f3 h5 24. h4 a4 25. Nd5 Nxd5 26. exd5 Bf5 27. Qc4 axb3 28. axb3
Bc8 29. Rff2 Ba6 30. Qe4 Bb7 31. c4 Rf8 32. Rd1 Bc8 33. Rdf1 Bf5 34. Qe3 Bg4
35. Kg1 Bd7 36. f4 exf4 37. Rxf4 Rxf4 38. Rxf4 Qe8 39. Re4 Qg6 40. Re7 Re8 41.
Kh2 Rxe7 42. Qxe7 Qe8 43. Qxe8+ Bxe8 44. Be4 Bd7 45. Kg2 Kf7 46. Kf2 $2 (46.
Kf3) 46... Kf6 47. Ke3 Ke5 48. Bg6 Bg4 49. Bd3 Bd1 50. b4 b5 51. cxb5 Kxd5 52.
Kd2 Kd4 53. Bg6 Bf3 54. Bf7 Bg4 55. Bg8 Ke4 56. Kc3 Kf3 {
and Black went on to win.} 0-1

[Event "Mechanics' Spring TNM; G/2"]
[Site "San Francisco"]
[Date "2015.04.21"]
[Round "6.23"]
[White "Aquino, Pat"]
[Black "Hakobyan, Sos"]
[Result "0-1"]
[WhiteElo "1514"]
[BlackElo "1885"]
[PlyCount "70"]
[EventDate "2015.??.??"]

1. e4 e6 2. c4 c5 3. Nc3 Nc6 4. Nf3 g6 5. d4 cxd4 6. Nxd4 Bg7 7. Ndb5 Be5 8.
Be3 a6 9. Nd6+ Kf8 10. h4 h5 11. Be2 Kg7 12. g4 hxg4 13. Qd2 Nf6 14. Bg5 Qe7
15. O-O-O Bxd6 16. Bxf6+ Qxf6 17. Qxd6 Rxh4 18. Nd5 Qg5+ 19. Qf4 Qxf4+ 20. Nxf4
Rxh1 21. Rxh1 e5 22. Nd5 d6 23. Nb6 Rb8 24. Nxc8 Rxc8 25. Bxg4 Rc7 26. Kd2 Nd4
27. b3 Kf6 28. Kd3 b5 29. Rc1 Kg5 30. Rg1 Kf4 31. Bd1 f5 32. exf5 gxf5 33. Rg6
Rc6 34. c5 dxc5 35. Rxc6 Nxc6 0-1

[Event "Mechanics' Summer TNM; G/2"]
[Site "San Francisco"]
[Date "2015.05.26"]
[Round "1.16"]
[White "Aquino, Pat"]
[Black "Krasnov, Steven"]
[Result "1/2-1/2"]
[WhiteElo "1514"]
[BlackElo "1977"]
[PlyCount "85"]
[EventDate "2015.??.??"]

1. e4 c5 2. f4 Nc6 3. Nf3 d6 4. Bb5 Bd7 5. Nc3 e6 6. d3 Nge7 7. O-O g6 8. Be3
Bg7 9. Kh1 O-O 10. Bxc6 Nxc6 11. Rb1 a6 12. Ne2 b5 13. c3 Qe7 14. Qc2 Rfc8 15.
a3 e5 16. fxe5 dxe5 17. Ng3 h6 18. Qf2 Nd8 19. Qd2 Kh7 20. Rf2 Rab8 21. d4 exd4
22. cxd4 cxd4 23. Bxd4 Rc4 24. Bxg7 Kxg7 25. Ne5 Qxe5 26. Qxd7 Rc7 27. Qd5 Qxd5
28. exd5 f5 29. Ne2 Rc2 30. Kg1 Rbc8 31. Nc3 Rxf2 32. Kxf2 Kf6 33. Re1 Kf7 34.
Kf3 Rc7 35. g4 fxg4+ 36. Kxg4 Rc4+ 37. Re4 Kf6 38. Kf3 Kf5 39. Re8 Nb7 40. Rf8+
Ke5 41. Re8+ Kf5 42. Rf8+ Ke5 43. Re8+ 1/2-1/2

[Event "Mechanics' Spring TNM; G/2"]
[Site "San Francisco"]
[Date "2015.05.05"]
[Round "8.33"]
[White "Aquino, Pat"]
[Black "Paquette, James"]
[Result "1-0"]
[WhiteElo "1514"]
[BlackElo "1381"]
[PlyCount "39"]
[EventDate "2015.??.??"]

1. e4 g6 2. d4 Bg7 3. Nf3 c5 4. Nc3 Qa5 5. Be2 Nc6 6. Be3 d6 7. O-O Nf6 8. d5
Nd8 9. Bb5+ Bd7 10. Bxd7+ Nxd7 11. Qd2 O-O 12. Bh6 Nf6 13. Rfe1 Ng4 14. Bxg7
Kxg7 15. Qf4 Nf6 16. e5 dxe5 17. Qxe5 e6 18. Ne4 exd5 19. Qxf6+ Kg8 20. Neg5
1-0

[Event "Mechanics' Summer TNM; G/2"]
[Site "San Francisco"]
[Date "2015.06.09"]
[Round "3.12"]
[White "Aquino, Pat"]
[Black "Senthilkumar, Pranav"]
[Result "0-1"]
[WhiteElo "1514"]
[BlackElo "1948"]
[PlyCount "70"]
[EventDate "2015.??.??"]

1. e4 c5 2. f4 Nc6 3. Nf3 g6 4. Nc3 Bg7 5. Bb5 e6 6. O-O Nge7 7. e5 d5 8. exd6
Qxd6 9. Ne4 Qd8 10. Kh1 b6 11. d3 O-O 12. Re1 Bb7 13. c3 Qc7 14. Neg5 h6 15.
Nh3 a6 16. Ba4 Rad8 17. Bc2 b5 18. a4 b4 19. Bd2 Nd5 20. c4 Nde7 21. Rb1 Nf5
22. Be3 Nxe3 23. Rxe3 Ne7 24. Qf1 Nf5 25. Ree1 Nd4 26. Bd1 Nxf3 27. Bxf3 Bxf3
28. Qxf3 Qd7 29. Nf2 Qxa4 30. b3 Qd7 31. Ne4 Qc7 32. Rbd1 Rd4 33. Re2 Rfd8 34.
Red2 f5 35. Nf2 Qxf4 0-1

[Event "Mechanics' Summer TNM; G/2"]
[Site "San Francisco"]
[Date "2015.06.30"]
[Round "6.18"]
[White "Aquino, Pat"]
[Black "Shnaiderman, Lazar"]
[Result "0-1"]
[WhiteElo "1514"]
[BlackElo "1826"]
[PlyCount "70"]
[EventDate "2015.??.??"]

1. e4 c5 2. f4 g6 3. Nf3 Bg7 4. Nc3 Nc6 5. Bb5 Nd4 6. d3 Nxb5 7. Nxb5 Qa5+ 8.
Nc3 Bxc3+ 9. bxc3 Qxc3+ 10. Bd2 Qg7 11. c3 d6 12. Rb1 Nf6 13. e5 dxe5 14. Nxe5
O-O 15. O-O e6 16. c4 Ne8 17. Bc3 f6 18. Ng4 b6 19. Qe2 h5 20. Ne3 Bb7 21. d4
cxd4 22. Bxd4 Rd8 23. Nc2 Qf7 24. c5 Ng7 25. cxb6 a6 26. Bc5 Rfe8 27. Ne3 Nf5
28. Rfd1 Nxe3 29. Qxe3 Rd5 30. Rbc1 Qd7 31. Bd4 Bc6 32. Rc4 e5 33. Qb3 exd4 34.
Rxc6 Qxc6 35. b7 Qb5 0-1

[Event "Mechanics' Summer TNM; G/2"]
[Site "San Francisco"]
[Date "2015.06.23"]
[Round "5.15"]
[White "Argo, Guy M"]
[Black "Everett III, Willard"]
[Result "1-0"]
[WhiteElo "1893"]
[BlackElo "1672"]
[PlyCount "25"]
[EventDate "2015.??.??"]

1. e4 d5 2. exd5 Qxd5 3. Nc3 Qa5 4. d4 Nf6 5. Nf3 Bg4 6. h3 Bxf3 7. Qxf3 c6 8.
Bd3 Nbd7 9. O-O e6 10. Bf4 Be7 11. Ne4 Nxe4 12. Bxe4 Nf6 $2 {Diagram #} 13.
Bxc6+ 1-0

[Event "Mechanics' Summer TNM; G/2"]
[Site "San Francisco"]
[Date "2015.07.07"]
[Round "7.4"]
[White "Argo, Guy M"]
[Black "Tsodikova, Natalya"]
[Result "0-1"]
[WhiteElo "1893"]
[BlackElo "2168"]
[PlyCount "76"]
[EventDate "2015.??.??"]

1. e4 e5 2. Nc3 Nf6 3. f4 d5 4. fxe5 Nxe4 5. Qf3 Nxc3 6. bxc3 Be7 7. d4 O-O 8.
Bd3 c5 9. Ne2 c4 10. Bf5 Bxf5 11. Qxf5 Qd7 12. O-O Qxf5 13. Rxf5 Nc6 14. Rb1
Rab8 15. a4 a6 16. e6 fxe6 17. Rxf8+ Kxf8 18. Bf4 e5 19. dxe5 Bc5+ 20. Kf1 b6
21. Ng1 Ke7 22. Nf3 Rf8 23. Bg3 d4 24. Bf2 Rf4 25. cxd4 Nxd4 26. Bxd4 Bxd4 27.
Rd1 Bc5 28. Ke2 Re4+ 29. Kd2 b5 30. axb5 axb5 31. Rb1 b4 32. Ra1 g5 33. h3 g4
34. hxg4 Rxg4 35. Rh1 Rxg2+ 36. Kd1 b3 37. cxb3 c3 38. Rh2 c2+ 0-1